01299nam a2200373 a 450000100060000000300080000600500170001400600190003100700150005000800410006502000180010603500230012403500240014703500250017103500210019604000260021705000200024308200140026310000320027724501030030925000110041226000300042330000110045349000270046453301640049165000370065565000320069265000340072465000420075865500270080071000190082785600620084699900170090834990FlNmELB20241216221312.0m o d | cr cn|||||||||130127s2011 sp |||||s|||||||||||spa d z9788431328030 a(MiAaPQ)EBC3205555 a(Au-PeEL)EBL3205555 a(CaPaEBR)ebr10637556 a(OCoLC)870407740 aFlNmELBbspacFlNmELB 4aHB72bG968 201104a261.82221 aGuitián Crespo, Gregorio.10aNegocios y moralh[recurso electronico] :bel dilema del camello y la aguja /cGregorio Guitián. a1a ed. aPamplona :bEUNSA,c2011. a150 p.0 aPersona y cultura ;v7 aRecurso electrónico. Santa Fe, Arg.: e-libro, 2015. Disponible vía World Wide Web. El acceso puede estar limitado para las bibliotecas afiliadas a e-libro. 4aEconomíaxAspectos religiosos. 4aNegociosxAspectos morales. 0aEconomicsxReligious aspects. 0aEconomicsxMoral and ethical aspects. 4aLibros electrónicos.2 ae-libro, Corp.40uhttps://elibro.net/ereader/politecnicointernacional/47110 c34990d34990